Statistics for Most Popular Jetpunk Quizzes

Click here to take the quiz!

General Stats

  • This quiz has been taken 271 times
  • The average score is 5 of 20

Answer Stats

Rank Taken Quiz % Correct
#17,515,568Countries of the World Quiz
92%
#23,110,106US States
72%
#5986,734World Capitals Quiz
43%
#6899,167Europe Map Quiz
37%
#20308,714East Asia Map Quiz
32%
#15401,827Africa Map Quiz
29%
#9610,788US Presidents
27%
#11525,434Country Flags
22%
#12464,788NBA Teams Quiz
19%
#8642,567NFL Football Teams Quiz
17%
#41,068,706Fast Typing to 100
17%
#17345,609Periodic Table Quiz
14%
#31,093,391United States Map Quiz
13%
#7868,733Fifty States in One Minute
11%
#16353,908Harry Potter Last Names
10%
#10547,769Fast Typing A to Z
9%
#13446,02412 Months in 15 Seconds
9%
#18343,791The 8 Planets
7%
#14429,956Random Capital to Country
7%
#19333,671Fresh Prince Lyrics
3%

Score Distribution

Percentile by Number Answered

Percent of People with Each Score

Your Score History

You have not taken this quiz